000
00243nam a2200097Ia 4500
001
747730
005
20250826164401.0
008
250824s9999 xx 000 0 und d
245
0
_a
GAİPTEN SESLER
_c
KAYAHAN DEMİR
260
_b
CARPEDİEM YAYINLARI
999
_c
747730
_d
747730